| 000 | 00665nam a2200277Ia 4500 | ||
|---|---|---|---|
| 005 | 20260324141311.0 | ||
| 008 | 008 260324s9999 xx 000 0 eng d | ||
| 020 | _a9781315240633 | ||
| 037 | _aEBOOK | ||
| 040 | _aCRL | ||
| 040 | _beng | ||
| 040 | _cCRL | ||
| 041 | _2eng | ||
| 041 | _aeng | ||
| 084 | _qCRL | ||
| 100 |
_aMichael M. Chrimes _91207674 |
||
| 245 | 4 | _aThe Civil Engineering of Canals and Railways before 1850 | |
| 260 | _bTaylor and Francis | ||
| 260 | _c1997 | ||
| 365 | _a | ||
| 365 | _b86.99 | ||
| 856 | _uhttp://www.taylorfrancis.com/books/9781315240633 | ||
| 942 | _cEBOOK | ||
| 999 |
_c1810615 _d1810615 |
||